Sports Quiz

Random Sports or NCAA Quiz

2019-20 College Basketball AP Top 25: Week 5 Quiz Stats

 Plays Quiz not verified by Sporcle

Support Sporcle.
Go Orange.
Score 0/25 Timer 10:00
0 Plays Today
Ranking Team % Correct
10Duke
100%
1Louisville
75%
2Kansas
75%
3Maryland
75%
4Michigan
75%
6Ohio St
75%
7UNC
75%
8Kentucky
75%
9Gonzaga
75%
11Michigan St
75%
14Auburn
75%
16Seton Hall
75%
18Baylor
75%
Ranking Team % Correct
23Villanova
75%
24Butler
75%
5Virginia
50%
12Arizona
50%
15Memphis
50%
17Florida St
50%
19Dayton
50%
22Washington
50%
21Tennessee
50%
25Utah St
50%
13Oregon
25%
20Colorado
25%

You're not logged in!

Compare scores with friends on all Sporcle quizzes.
OR
Log In

From the Vault

Opening Day Lineups: Dodgers

by lineupquizzes

We look back on the last 20 years: Dodgers Edition.
Remove Ads.
Support Sporcle.
Get the best of Sporcle when you Go Orange. This ad-free experience offers more features, more stats, and more fun while also helping to support Sporcle. Thank you for becoming a member.

Show Comments

Extras

Top Quizzes Today


Score Distribution

Your Account Isn't Verified!

In order to create a playlist on Sporcle, you need to verify the email address you used during registration. Go to your Sporcle Settings to finish the process.

Report this User

Report this user for behavior that violates our Community Guidelines.

Details: